Visualizzazione normale
Vista MARC
- Scabini E., Ciccarelli E., Trulli P.M., Rivoltella P.C., Marzotto C., Cantelmi T
di Personal Name
Records bibliografici associati: 1
001 - CONTROL NUMBER
- control field: 61080
003 - CONTROL NUMBER IDENTIFIER
- control field:
005 - DATE AND TIME OF LATEST TRANSACTION
- control field: 20241025145754.0
008 - FIXED-LENGTH DATA ELEMENTS
- fixed length control field: 241025|| aca||aabn | a|a d
040 ## - CATALOGING SOURCE
- Original cataloging agency:
- Transcribing agency:
100 ## - HEADING--PERSONAL NAME
- Personal name: Scabini E., Ciccarelli E., Trulli P.M., Rivoltella P.C., Marzotto C., Cantelmi T
670 ## - SOURCE DATA FOUND
- Source citation: Work cat.: ()360244: Belletti Francesco (a cura di) 61079, Famiglia cellula vitale e anche risorsa., 2024